000 00509nam a2200181Ia 4500
999 _c29718
_d29718
003 OSt
005 20260305115903.0
008 190216s9999||||xx |||||||||||||| ||und||
020 _a9788171309948
040 _coclc
082 _a894.8123
_bJAM/P
100 1 _aJayiṃs, Vi. Je.,
_d1961-
_99428
245 0 _aPurappadinte Pusthakam /
_cV J James
260 _bDc Books,
_c2010.
_a Kottayam:
300 _a286p
650 _aNovel
942 _cBK
_2ddc
_h894.8123
_iJAM/P
_k894.8123
_mJAM/P